True and Holy: Christian Scripture and Other Religions (Record no. 20587)

MARC details
000 -LEADER
fixed length control field 00360nam a22001337a 4500
020 ## - INTERNATIONAL STANDARD BOOK NUMBER
ISBN 978-93-83163-09-0
082 ## - DEWEY DECIMAL CLASSIFICATION NUMBER
Classification number 291 LEF
100 ## - MAIN ENTRY--AUTHOR NAME
Author name Lefebure, Leo D.
245 ## - TITLE STATEMENT
Title True and Holy: Christian Scripture and Other Religions
260 ## - PUBLICATION, DISTRIBUTION, ETC. (IMPRINT)
Place of publication Bangalore
Name of publisher Theological Publications in India
Year of publication 2014
300 ## - PHYSICAL DESCRIPTION
Number of Pages 274
650 ## - SUBJECT ADDED ENTRY--TOPICAL TERM
Topical Term Comparative religion
942 ## - ADDED ENTRY ELEMENTS (KOHA)
Koha item type Books
Holdings
Home library Current library Shelving location Date acquired Source of acquisition Cost, normal purchase price Full call number Accession Number Koha item type
Henry Martyn Institute Library Henry Martyn Institute Library General stacks 08/24/2017 Pauline Book and Media Centre, Sec'bad 290.00 291 LEF 25335 Books
                   Copyright © 2026 | Henry Martyn Institute | Hyderabad | TS-500052 | INDIA | Implemented by hmi.edu.in
Hit-Count:

Powered by Koha